[Event "FRA-chT2D 0506"]
[Site "France"]
[Date "2005.11.20"]
[Round "3.8"]
[White "Gitzinger, Lionel"]
[Black "Golema, Philippe"]
[Result "1-0"]
[WhiteElo "2057"]
[BlackElo "1971"]
[PlyCount "61"]
[EventDate "2005.10.27"]
[EventType "team-tourn"]
[EventRounds "11"]
[EventCountry "FRA"]
[SourceTitle "EXT 2006"]
[Source "ChessBase"]
[SourceDate "2005.11.24"]
[SourceVersion "1"]
[SourceVersionDate "2005.11.24"]
[SourceQuality "1"]
[WhiteTeam "Metz Fischer"]
[BlackTeam "Selestat"]
[WhiteTeamCountry "FRA"]
[BlackTeamCountry "FRA"]

1. e4 c5 2. Nf3 Nc6 3. d4 cxd4 4. Nxd4 g6 5. Nc3 Bg7 6. Be3 Nf6 7. Bc4 d6 8. h3 Bd7 9. 0-0 0-0 10. f4 Rc8 11. Bb3 Na5 12. Qd3 a6 13. e5 Nxb3 14. axb3 Ne8 15. Qe4 Bc6 16. Nxc6 Rxc6 17. Rfd1 e6 18. Ne2 Qb8 19. Nd4 Rc8 20. Nf3 Qc7 21. Rd2 Qc6 22. Qb4 dxe5 23. fxe5 Nc7 24. c4 Qe4 25. Re1 a5 26. Qxa5 Qf5 27. Rd7 Na6 28. Rxb7 Ra8 29. Ba7 Nb8 30. Qc7 Na6 31. Qb6 1-0

[Event "FRA-chT2D 0506"]
[Site "France"]
[Date "2005.11.19"]
[Round "2.6"]
[White "Rischer, Marc"]
[Black "Gitzinger, Lionel"]
[Result "1-0"]
[WhiteElo "2164"]
[BlackElo "2057"]
[PlyCount "77"]
[EventDate "2005.10.27"]
[EventType "team-tourn"]
[EventRounds "11"]
[EventCountry "FRA"]
[SourceTitle "EXT 2006"]
[Source "ChessBase"]
[SourceDate "2005.11.24"]
[SourceVersion "1"]
[SourceVersionDate "2005.11.24"]
[SourceQuality "1"]
[WhiteTeam "Mulhouse"]
[BlackTeam "Metz Fischer"]
[WhiteTeamCountry "FRA"]
[BlackTeamCountry "FRA"]

1. d4 d5 2. Nf3 Nf6 3. c4 e6 4. Qc2 Nbd7 5. Nbd2 Be7 6. g3 0-0 7. Bg2 c6 8. 0-0 Re8 9. b3 Bd6 10. Bb2 Qe7 11. Rfe1 b6 12. Ne5 Bb7 13. e4 Rac8 14. Qd3 Nf8 15. Rac1 Bb4 16. Bc3 Bxc3 17. Rxc3 Red8 18. cxd5 cxd5 19. exd5 Nxd5 20. Rxc8 Rxc8 21. Ne4 f5 22. Nd2 Rc3 23. Qb1 Qc7 24. Ndc4 b5 25. Qb2 b4 26. a3 Qe7 27. axb4 Qxb4 28. Rb1 h6 29. Qd2 a5 30. Nd3 Rxb3 31. Qxb4 Rxb4 32. Nxb4 axb4 33. Nd6 Bc6 34. Bxd5 Bxd5 35. Rxb4 Nd7 36. Rb5 Bc6 37. Ra5 Kf8 38. Nc4 Bd5 39. Ne3 1-0

[Event "FRA-chT2 0405"]
[Site "France"]
[Date "2004.11.06"]
[Round "2.4"]
[White "Gitzinger, Lionel"]
[Black "Tebar Moreno, Juan Carlos"]
[Result "0-1"]
[WhiteElo "2107"]
[BlackElo "2236"]
[PlyCount "142"]
[EventDate "2004.10.10"]
[EventType "team"]
[EventRounds "11"]
[EventCountry "FRA"]
[SourceTitle "EXT 2006"]
[Source "ChessBase"]
[SourceDate "2005.11.24"]
[SourceVersion "1"]
[SourceVersionDate "2005.11.24"]
[SourceQuality "1"]

1. e4 d5 2. exd5 Qxd5 3. Nc3 Qd8 4. d4 c6 5. Nf3 Nf6 6. Bc4 Bf5 7. 0-0 e6 8. h3 h6 9. Re1 Be7 10. Bf4 Nbd7 11. Bd3 Bxd3 12. Qxd3 0-0 13. Rad1 Qb6 14. b3 Nh5 15. Bh2 Bb4 16. Na4 Qa5 17. c3 Be7 18. Ne5 Nhf6 19. Bf4 Nxe5 20. Rxe5 b5 21. Nc5 Nd5 22. Bd2 Bxc5 23. dxc5 Qxa2 24. Qg3 Kh7 25. Qd3+ Kh8 26. c4 bxc4 27. bxc4 Nf6 28. Qc3 Rfd8 29. Ree1 Kh7 30. Bf4 Rxd1 31. Rxd1 Qe2 32. Re1 Ne4 33. Qxg7+ Kxg7 34. Rxe2 Nxc5 35. Be3 Nb7 36. Kf1 a5 37. Bc1 a4 38. Ba3 Na5 39. Rc2 Rb8 40. Rc3 Kf6 41. Ke2 e5 42. Bc1 Nb3 43. Ba3 Nd4+ 44. Kd3 Rb1 45. Rc1 Rb8 46. Rc3 Rd8 47. Ke4 Ke6 48. g4 Nb3 49. Ke3 h5 50. Rd3 Nd4 51. Ke4 hxg4 52. hxg4 Rd7 53. f4 f6 54. fxe5 fxe5 55. Rh3 Rg7 56. Rh6+ Kd7 57. Kxe5 Nc2 58. Rd6+ Kc7 59. Rd3 Rxg4 60. Bd6+ Kb6 61. Rc3 Rg2 62. Ke4 c5 63. Kd3 Nb4+ 64. Ke4 Re2+ 65. Kf3 Rd2 66. Be5 Nc6 67. Bf4 Nd4+ 68. Ke4 Ra2 69. Kd3 Ne2 70. Bd2 Nxc3 71. Bxc3 a3 0-1